000 00360nam a2200133Ia 4500
008 240624s9999 xx 000 0 und d
041 _aeng
082 _a658.4038 POI
100 _aJOHANNESSEN JON ARILD
245 _aKNOWLEDGE MANAGEMENT AS A STRATEGIC ASSE
260 _c2019
_aUnited Kingdom
_bEmerald
300 _aviii, 153 p.; 23 cm.
365 _cBPS
_b35
999 _c31588
_d31588